The Way It Spezed To be (Record no. 8583)

MARC details
000 -LEADER
fixed length control field 00417nam a2200169 a 4500
001 - CONTROL NUMBER
control field 0000-8583
003 - CONTROL NUMBER IDENTIFIER
control field ELIB.Books
008 - FIXED-LENGTH DATA ELEMENTS--GENERAL INFORMATION
fixed length control field 110520 1969
035 ## - SYSTEM CONTROL NUMBER
System control number (ELIB.Books)0000-8729
082 ## - DEWEY DECIMAL CLASSIFICATION NUMBER
Classification number 570
Item number Her
100 ## - MAIN ENTRY--PERSONAL NAME
Personal name Herndon, James
245 ## - TITLE STATEMENT
Title The Way It Spezed To be
260 ## - PUBLICATION, DISTRIBUTION, ETC. (IMPRINT)
Name of publisher, distributor, etc. New York: Bantam Books Inc.
Date of publication, distribution, etc. 1969
650 ## - SUBJECT ADDED ENTRY--TOPICAL TERM
Topical term or geographic name as entry element Biology
942 ## - ADDED ENTRY ELEMENTS (KOHA)
Source of classification or shelving scheme Dewey Decimal Classification
Koha item type Books
998 ## - LOCAL CONTROL INFORMATION (RLIN)
Cataloger's initials, CIN (RLIN) bat
-- 2011-05-20
Holdings
Withdrawn status Lost status Source of classification or shelving scheme Damaged status Not for loan Home library Current library Date acquired Total Checkouts Barcode Date last seen Bill Date Koha item type
    Dewey Decimal Classification     Karen Baptist Theological Seminary Library Karen Baptist Theological Seminary Library 20/05/2011   6921 22/01/2022 22/01/2022 Books
Implemented & Customized by: BestBookBuddies

Powered by Koha